[Event "EYCC Girls U16 2018"]
[Site "Riga"]
[Date "2018.08.20"]
[Round "1"]
[White "Badelka, Olga"]
[Black "Raccanello, Marianna"]
[Result "1-0"]
[WhiteElo "2416"]
[BlackElo "1934"]
[Annotator "TA"]
[PlyCount "81"]
[EventDate "2018.08.20"]
[EventType "swiss"]
[EventCountry "LAT"]
[SourceTitle "playchess.com"]
[Source "ChessBase"]
[SourceQuality "1"]

{[%evp 19,81,54,74,25,20,26,69,64,91,107,156,118,118,109,109,117,122,108,111,109,109,0,0,0,0,0,155,-4,0,-28,-50,-61,-66,-69,0,0,12,0,0,0,39,39,119,106,102,110,326,95,393,375,330,167,613,462,535,529,1588,1624,1498,1420,6491,6287,6499,6472]} 1. c4 c5 2. Nf3 Nc6 3. d4 cxd4 4. Nxd4 g6 5. e4 Bg7 6. Be3 Nf6 7. Nc3 O-O 8. Be2 d6 9. O-O a5 10. f3 {[%cal Bf2f3,Bf3f4][%mdl 32] B38: Sicilian: Maroczy Bind with 5...Bg7 and 7...0-0} Nd7 {LiveBook: 4 Games} 11. Qd2 Nxd4 12. Bxd4 {The position is equal.} Nc5 13. Rad1 $146 {[#] Black must now prevent Bxc5.} ({Predecessor:} 13. Rfd1 Be6 14. Bxg7 Kxg7 15. Qd4+ f6 16. b3 Qb6 17. Rab1 Rfc8 18. f4 Nd7 19. Bf3 Qxd4+ 20. Rxd4 {0-1 (64) Niemann,H (2180)-Felgaer,R (2585) Las Vegas 2015}) 13... Be6 14. f4 f5 15. Bxg7 Kxg7 16. Qd4+ Kg8 17. e5 Qb6 18. exd6 Rfd8 {[%cal Rd8d6]} 19. Nb5 {aiming for Nc7.} exd6 {...d5 would now be nice for Black.} 20. Kh1 (20. Nc3 $16) 20... d5 $1 $11 {[%cal Rd5c4] Strongly threatening ...dxc4.} 21. Qe5 {[%cal Rc4d5]} dxc4 22. Nd6 Qc7 $2 {[#]} (22... Rd7 $1 $11) 23. h3 $2 ({White must play} 23. g4 $1 $16 {[%cal Rg4f5]} h6 24. gxf5 Bxf5 25. Bxc4+ (25. Nxf5 Qxe5 26. Nxh6+ Kh7 $16) 25... Kh7 26. Rfe1 (26. Nxf5 Qxe5 27. fxe5 Rxd1 $16)) 23... b6 24. Bf3 Rab8 $1 25. Rfe1 Qg7 $1 26. Qe2 Qf6 (26... Kf8 $15) 27. Nxc4 Bf7 28. Rxd8+ Rxd8 29. Ne5 Re8 30. a3 {[%cal Ba2a3,Ba3b4][%mdl 32]} Kg7 (30... a4 $14) 31. b4 $16 axb4 32. axb4 Nb3 $2 (32... Ne4 $16 33. Bxe4 fxe4) 33. Qe3 $2 (33. Rd1 $18) 33... Rd8 $2 {[%mdl 8192]} (33... Qd6 $16) 34. Nxf7 $18 Qxf7 35. Qxb6 (35. Rd1 $142 Rxd1+ 36. Bxd1) 35... Re8 $2 (35... Rd7 36. Qe3 Nd4) 36. Rd1 {White is clearly winning.} Re7 37. Bd5 Rd7 38. Bxf7 Rxd1+ 39. Kh2 Kxf7 40. Qc7+ Kf8 41. Qc2 {Precision: White = 44%, Black = 24%.} 1-0

[Event "EYCC Girls U16 2018"]
[Site "Riga"]
[Date "2018.08.20"]
[Round "1"]
[White "Peycheva, Gergana"]
[Black "Kvendseth, Thyra"]
[Result "1-0"]
[WhiteElo "2261"]
[BlackElo "1905"]
[Annotator "NA"]
[PlyCount "79"]
[EventDate "2018.08.20"]
[EventType "swiss"]
[EventCountry "LAT"]
[SourceTitle "playchess.com"]
[Source "ChessBase"]
[SourceQuality "1"]
[TimeControl "40/5400+30:1800+30"]

1. d4 {[%emt 0:00:00]} Nf6 {[%emt 0:00:00]} 2. c4 {[%emt 0:00:00]} g6 {[%emt 0:00:12]} 3. f3 {[%emt 0:01:25]} Bg7 {[%emt 0:00:33]} 4. e4 {[%emt 0:01:14]} d6 {[%emt 0:00:45]} 5. Nc3 {[%emt 0:01:24]} O-O {[%emt 0:03:55]} 6. Be3 {[%emt 0:00:38]} e5 {[%emt 0:02:58]} 7. d5 {[%emt 0:02:02]} Nbd7 {[%emt 0:08:49]} 8. Nge2 {[%emt 0:06:17]} a6 {[%emt 0:08:47]} 9. Qd2 $14 {[%emt 0:04:28] LiveBook: 16 Games} Qe7 {[%emt 0:07:28]} 10. h4 {[%emt 0:05:20]} h5 {[%emt 0:08:54]} 11. Ng3 {[%emt 0:05:17]} Rb8 {[%emt 0:09:12]} 12. Bd3 {[%emt 0:08:19]} Nc5 {[%emt 0:05:15]} 13. Bc2 {[%emt 0:04:45]} a5 {[%emt 0:06:21]} 14. O-O-O {[%emt 0:04:47]} b6 {[%emt 0:05:23]} 15. Nge2 {[%emt 0:07:04]} Bd7 {[%emt 0:03:30]} 16. Nb5 {[%emt 0:01:44]} Rfc8 {[%emt 0:02:10]} 17. Nec3 {[%emt 0:02:18]} Bf8 {[%emt 0:03:36]} 18. Bg5 {[%emt 0:03:56]} Bxb5 {[%emt 0:03:24]} 19. Nxb5 {[%emt 0:06:38]} Ncd7 {[%emt 0:01:43]} 20. Na7 {[%emt 0:03:28]} Rd8 {[%emt 0:05:18]} 21. Nc6 {[%emt 0:00:13]} Qe8 {[%emt 0:00:03]} 22. Nxd8 {[%emt 0:00:20]} Qxd8 {[%emt 0:00:31]} 23. g4 {[%emt 0:01:08]} Be7 {[%emt 0:02:05]} 24. Rdg1 {[%emt 0:00:54]} Kh7 {[%emt 0:04:10]} 25. Be3 {[%emt 0:05:50]} Qc8 {[%emt 0:02:21]} 26. Rf1 {[%emt 0:04:00]} Nc5 {[%emt 0:02:16]} 27. g5 {[%emt 0:02:54]} Nfd7 {[%emt 0:01:02]} 28. f4 {[%emt 0:00:11]} Qe8 {[%emt 0:00:49]} 29. Rf2 {[%emt 0:05:14]} Kg8 {[%emt 0:00:45]} 30. Rhf1 {[%emt 0:00:21]} Rc8 {[%emt 0:01:20]} 31. Qc3 {[%emt 0:00:55]} Bf8 {[%emt 0:00:33]} 32. fxe5 {[%emt 0:03:25]} Nxe5 {[%emt 0:00:08]} 33. Bd4 {[%emt 0:00:13]} Bg7 {[%emt 0:00:37]} 34. Bxe5 {[%emt 0:01:23]} Bxe5 {[%emt 0:00:19]} 35. Qf3 {[%emt 0:00:10]} a4 {[%emt 0:00:46]} 36. Qxf7+ {[%emt 0:01:58]} Qxf7 {[%emt 0:00:01]} 37. Rxf7 {[%emt 0:00:02]} Bg3 {[%emt 0:00:17]} 38. R7f6 {[%emt 0:00:41]} Be5 {[%emt 0:02:06]} 39. Rxg6+ {[%emt 0:00:16]} Kh7 {[%emt 0:00:08]} 40. Rh6+ {[%emt 0:00:00]} 1-0

[Event "EYCC Girls U16 2018"]
[Site "Riga"]
[Date "2018.08.20"]
[Round "1"]
[White "Beydullayeva, Govhar"]
[Black "Katkov, Michelle"]
[Result "1-0"]
[WhiteElo "2184"]
[BlackElo "1865"]
[Annotator "NA"]
[PlyCount "89"]
[EventDate "2018.08.20"]
[EventType "swiss"]
[EventCountry "LAT"]
[SourceTitle "playchess.com"]
[Source "ChessBase"]
[SourceQuality "1"]
[TimeControl "40/5400+30:1800+30"]

1. d4 {[%emt 0:00:00]} Nf6 {[%emt 0:00:00]} 2. c4 {[%emt 0:00:00]} e6 {[%emt 0:00:00]} 3. Nf3 {[%emt 0:00:00]} b6 {[%emt 0:00:11]} 4. g3 {[%emt 0:00:01]} Bb4+ {[%emt 0:01:46]} 5. Bd2 {[%emt 0:00:10] LiveBook: 1213 Games} a5 {[%emt 0:00:12]} 6. Bg2 {[%emt 0:00:34]} O-O {[%emt 0:00:29]} 7. O-O {[%emt 0:00:55]} Ba6 {[%emt 0:00:24]} 8. b3 $11 {[%emt 0:07:22]} d5 {[%emt 0:09:01]} 9. cxd5 {[%emt 0:12:27]} Nxd5 {[%emt 0:06:30]} 10. Re1 {[%emt 0:04:12]} c5 {[%emt 0:14:52]} 11. e4 {[%emt 0:26:31]} Bxd2 {[%emt 0:03:38]} 12. Qxd2 {[%emt 0:00:14]} Nb4 {[%emt 0:04:45]} 13. a3 {[%emt 0:02:56]} N4c6 {[%emt 0:03:23]} 14. d5 {[%emt 0:01:18]} exd5 {[%emt 0:01:30]} 15. exd5 {[%emt 0:00:28]} Nd4 {[%emt 0:08:53]} 16. Nxd4 {[%emt 0:00:43]} cxd4 {[%emt 0:00:57]} 17. Qxd4 {[%emt 0:00:09]} Nd7 {[%emt 0:04:14]} 18. Nc3 {[%emt 0:05:01]} Nc5 {[%emt 0:02:34]} 19. Rab1 {[%emt 0:01:09]} Bd3 {[%emt 0:06:32]} 20. Rb2 {[%emt 0:00:55]} Re8 {[%emt 0:07:15]} 21. Rd1 {[%emt 0:02:22]} Bf5 {[%emt 0:07:58]} 22. d6 {[%emt 0:07:05]} Rc8 {[%emt 0:01:26]} 23. b4 {[%emt 0:04:00]} Nd3 {[%emt 0:05:03]} 24. Rxd3 {[%emt 0:18:34]} Re1+ {[%emt 0:00:21]} 25. Bf1 {[%emt 0:00:02]} Bxd3 {[%emt 0:02:14]} 26. Qxd3 {[%emt 0:00:03]} Qd7 {[%emt 0:01:46]} 27. Rd2 {[%emt 0:03:48]} axb4 {[%emt 0:01:24]} 28. axb4 {[%emt 0:00:03]} Ra8 {[%emt 0:02:46]} 29. Rd1 {[%emt 0:00:29]} Rxd1 {[%emt 0:02:12]} 30. Qxd1 {[%emt 0:00:24]} Rd8 {[%emt 0:01:42]} 31. Nb5 {[%emt 0:00:14]} g6 {[%emt 0:00:23]} 32. h3 {[%emt 0:02:26]} Qc6 {[%emt 0:00:53]} 33. Qd3 {[%emt 0:00:24]} Qc1 {[%emt 0:00:30]} 34. Qe3 {[%emt 0:01:15]} Qc6 {[%emt 0:00:40]} 35. Kh2 {[%emt 0:00:35]} Re8 {[%emt 0:00:27]} 36. Qd3 {[%emt 0:00:15]} Rd8 {[%emt 0:00:27]} 37. h4 {[%emt 0:00:09]} Qc1 {[%emt 0:00:27]} 38. Kg2 {[%emt 0:00:52]} Qc6+ {[%emt 0:00:04]} 39. Kg1 {[%emt 0:00:09]} Qc1 {[%emt 0:00:45]} 40. Qc4 {[%emt 0:00:00]} Qe1 {[%emt 0:00:00]} 41. Qc7 {[%emt 0:01:33]} Qe8 {[%emt 0:05:56]} 42. Nd4 {[%emt 0:02:06]} Rd7 {[%emt 0:03:30]} 43. Qxb6 {[%emt 0:00:21]} Qe5 {[%emt 0:01:37]} 44. Nb5 {[%emt 0:00:16]} Qe1 {[%emt 0:01:33]} 45. Qe3 {[%emt 0:00:12]} 1-0

[Event "EYCC Girls U16 2018"]
[Site "Riga"]
[Date "2018.08.20"]
[Round "1"]
[White "Schneider, Jana"]
[Black "Mikic, Ivana"]
[Result "1-0"]
[WhiteElo "2179"]
[BlackElo "1843"]
[Annotator "NA"]
[PlyCount "91"]
[EventDate "2018.08.20"]
[EventType "swiss"]
[EventCountry "LAT"]
[SourceTitle "playchess.com"]
[Source "ChessBase"]
[SourceQuality "1"]
[TimeControl "40/5400+30:1800+30"]

1. e4 e5 2. Nf3 Nc6 3. Bc4 Bc5 4. c3 Nf6 5. d3 O-O (5... d5 6. exd5 Nxd5 7. Qb3) 6. Bg5 {LiveBook: 100 Games} h6 7. Bh4 Be7 8. Nbd2 d6 9. Bb3 Nd7 10. Bxe7 Qxe7 11. Nc4 Nc5 $11 12. Bc2 Be6 13. Ne3 Bd7 14. b4 Ne6 15. b5 Nb8 16. Rb1 a6 17. a4 axb5 18. axb5 Ng5 19. Nd2 Be6 20. h4 Nh7 21. d4 exd4 22. cxd4 d5 23. exd5 Bxd5 24. O-O Rd8 25. Nxd5 Rxd5 26. Nf3 Nd7 27. Re1 Qd8 28. Be4 Rd6 29. Bxb7 Rb8 30. Bc6 Nhf6 31. Qc2 Rb6 32. Ne5 Nxe5 33. dxe5 Rd2 34. Qf5 Nd5 35. e6 fxe6 36. Qxe6+ Kh8 37. Qe8+ Qxe8 38. Rxe8+ Kh7 39. Rd8 Nc3 40. Rxd2 Nxb1 41. Be4+ Kg8 42. Bxb1 Rxb5 43. Bg6 Kf8 44. Rd7 Rc5 45. Rf7+ Kg8 46. Re7 1-0

[Event "EYCC Girls U16 2018"]
[Site "Riga"]
[Date "2018.08.20"]
[Round "1"]
[White "Schulze, Lara"]
[Black "Minko, Olga"]
[Result "1-0"]
[WhiteElo "2167"]
[BlackElo "1823"]
[Annotator "NA"]
[PlyCount "61"]
[EventDate "2018.08.20"]
[EventType "swiss"]
[EventCountry "LAT"]
[SourceTitle "playchess.com"]
[Source "ChessBase"]
[SourceQuality "1"]
[TimeControl "40/5400+30:1800+30"]

1. e4 e5 {[%emt 0:00:00]} 2. Nf3 {[%emt 0:00:00]} Nc6 {[%emt 0:00:07]} 3. Bc4 {[%emt 0:00:00]} Nf6 {[%emt 0:00:25]} 4. d3 {[%emt 0:00:00]} h6 {[%emt 0:00:41]} 5. O-O {[%emt 0:00:01] LiveBook: 690 Games} g6 {[%emt 0:01:38]} 6. d4 {[%emt 0:00:34]} Nxe4 {[%emt 0:21:46]} 7. dxe5 {[%emt 0:07:09]} Nc5 {[%emt 0:04:16]} 8. Nc3 {[%emt 0:01:49]} Bg7 $16 {[%emt 0:04:24]} 9. Nd5 {[%emt 0:18:58]} d6 {[%emt 0:10:12]} 10. exd6 {[%emt 0:01:42]} cxd6 {[%emt 0:07:37]} 11. Re1+ {[%emt 0:01:47]} Be6 {[%emt 0:04:36]} 12. Nf4 {[%emt 0:07:20]} Qd7 {[%emt 0:01:40]} 13. Nxe6 {[%emt 0:09:44]} Nxe6 {[%emt 0:01:08]} 14. Qd3 {[%emt 0:10:04]} Ne7 {[%emt 0:11:13]} 15. Nh4 {[%emt 0:06:20]} d5 {[%emt 0:07:17]} 16. Bb5 {[%emt 0:00:56]} Nc6 {[%emt 0:01:39]} 17. Nxg6 {[%emt 0:01:12]} Rg8 {[%emt 0:01:39]} 18. Nh4 {[%emt 0:04:49]} Bf6 {[%emt 0:04:52]} 19. Nf5 {[%emt 0:01:03]} h5 {[%emt 0:06:18]} 20. Bf4 {[%emt 0:03:14]} O-O-O {[%emt 0:01:29]} 21. Be3 {[%emt 0:10:16]} d4 {[%emt 0:01:27]} 22. Bd2 {[%emt 0:00:21]} Rg6 {[%emt 0:03:00]} 23. Qc4 {[%emt 0:01:54]} Nc7 {[%emt 0:01:37]} 24. Bxc6 {[%emt 0:03:46]} bxc6 {[%emt 0:00:48]} 25. Qd3 {[%emt 0:00:54]} Rdg8 {[%emt 0:00:42]} 26. g3 {[%emt 0:00:25]} h4 27. Bf4 {[%emt 0:01:30]} hxg3 {[%emt 0:01:04]} 28. fxg3 {[%emt 0:01:10]} Ne6 {[%emt 0:01:08]} 29. Bd6 {[%emt 0:03:37]} Rg5 {[%emt 0:00:47]} 30. Qb3 {[%emt 0:03:10]} Nc5 {[%emt 0:00:48]} 31. Qb8# {[%emt 0:00:19]} 1-0

[Event "EYCC Girls U16 2018"]
[Site "Riga"]
[Date "2018.08.20"]
[Round "1"]
[White "Tomcikova, Dominika"]
[Black "Antova, Gabriela"]
[Result "0-1"]
[WhiteElo "1915"]
[BlackElo "2293"]
[Annotator "NA"]
[PlyCount "58"]
[EventDate "2018.08.20"]
[EventType "swiss"]
[EventCountry "LAT"]
[SourceTitle "playchess.com"]
[Source "ChessBase"]
[SourceQuality "1"]
[TimeControl "40/5400+30:1800+30"]

1. e4 {[%emt 0:00:00]} c5 {[%emt 0:00:00]} 2. Nc3 {[%emt 0:00:00]} d6 {[%emt 0:00:00]} 3. Bb5+ {[%emt 0:00:00]} Bd7 {[%emt 0:01:54]} 4. Bxd7+ {[%emt 0:00:39]} Qxd7 {[%emt 0:00:03]} 5. Nf3 {[%emt 0:00:57]} Nc6 {[%emt 0:02:25] LiveBook: 8 Games} 6. d3 {[%emt 0:02:33]} g6 {[%emt 0:01:54]} 7. O-O {[%emt 0:02:32]} Bg7 {[%emt 0:01:15]} 8. Re1 {[%emt 0:04:10]} Nf6 {[%emt 0:03:49]} 9. h3 {[%emt 0:06:25]} O-O $11 {[%emt 0:03:35]} 10. Be3 {[%emt 0:01:58]} Rac8 {[%emt 0:03:20]} 11. Qd2 {[%emt 0:04:00]} Rfe8 {[%emt 0:03:03]} 12. Rad1 {[%emt 0:05:21]} e6 {[%emt 0:04:04]} 13. Bf4 {[%emt 0:08:00]} Nd4 {[%emt 0:06:42]} 14. Nxd4 {[%emt 0:05:56]} cxd4 {[%emt 0:00:11]} 15. Ne2 {[%emt 0:00:39]} e5 {[%emt 0:03:05]} 16. Bh2 {[%emt 0:03:34]} d5 {[%emt 0:03:17]} 17. Ng3 {[%emt 0:12:24]} dxe4 {[%emt 0:10:58]} 18. Nxe4 {[%emt 0:02:00]} Nxe4 {[%emt 0:01:01]} 19. dxe4 {[%emt 0:01:50]} Qa4 {[%emt 0:00:36]} 20. c3 {[%emt 0:03:12]} Qxa2 {[%emt 0:03:49]} 21. cxd4 {[%emt 0:05:29]} exd4 {[%emt 0:01:14]} 22. e5 {[%emt 0:02:56]} Red8 {[%emt 0:05:05]} 23. Qb4 {[%emt 0:04:25]} Qd5 {[%emt 0:01:05]} 24. Bg3 {[%emt 0:08:07]} d3 {[%emt 0:07:37]} 25. Kh2 {[%emt 0:05:08]} a5 {[%emt 0:11:22]} 26. Qa3 {[%emt 0:01:38]} Bf8 {[%emt 0:00:44]} 27. Qa1 {[%emt 0:01:15]} Bb4 {[%emt 0:02:39]} 28. Re3 {[%emt 0:00:57]} Qc4 {[%emt 0:04:19]} 29. Qb1 {[%emt 0:02:16]} d2 {[%emt 0:00:50]} 0-1

[Event "EYCC Girls U16 2018"]
[Site "Riga"]
[Date "2018.08.20"]
[Round "1"]
[White "Martinez, Anna"]
[Black "Goltseva, Ekaterina"]
[Result "0-1"]
[WhiteElo "1881"]
[BlackElo "2185"]
[Annotator "NA"]
[PlyCount "38"]
[EventDate "2018.08.20"]
[EventType "swiss"]
[EventCountry "LAT"]
[SourceTitle "playchess.com"]
[Source "ChessBase"]
[SourceQuality "1"]
[TimeControl "40/5400+30:1800+30"]

1. e4 {[%emt 0:00:00]} e6 {[%emt 0:00:00]} 2. d4 {[%emt 0:00:00]} d5 {[%emt 0:00:00]} 3. Bd3 {[%emt 0:00:00]} c5 {[%emt 0:07:42]} 4. c3 {[%emt 0:05:41]} Nc6 {[%emt 0:06:05]} 5. Ne2 {[%emt 0:03:58]} cxd4 $11 {[%emt 0:06:28] LiveBook: 3 Games} 6. cxd4 {[%emt 0:02:10]} Nb4 {[%emt 0:05:47]} 7. Nbc3 {[%emt 0:06:35]} Nxd3+ {[%emt 0:01:43]} 8. Qxd3 {[%emt 0:00:08]} dxe4 {[%emt 0:00:45]} 9. Nxe4 {[%emt 0:01:09]} Bb4+ {[%emt 0:08:12]} 10. N2c3 {[%emt 0:01:01]} Ne7 {[%emt 0:01:35]} 11. Bg5 {[%emt 0:02:58]} f6 {[%emt 0:04:00]} 12. Nxf6+ {[%emt 0:30:32]} gxf6 {[%emt 0:01:49]} 13. Bxf6 {[%emt 0:00:04]} Rf8 {[%emt 0:08:53]} 14. Bg7 {[%emt 0:05:35]} Rf5 {[%emt 0:03:46]} 15. g4 {[%emt 0:11:16]} Rf7 {[%emt 0:07:52]} 16. Qb5+ {[%emt 0:06:20]} Nc6 {[%emt 0:01:27]} 17. Qh5 {[%emt 0:03:52]} Qd5 {[%emt 0:03:15]} 18. Qxd5 {[%emt 0:00:46]} exd5 {[%emt 0:00:05]} 19. Bh8 {[%emt 0:02:40]} Bxg4 {[%emt 0:00:59]} 0-1

[Event "EYCC Girls U16 2018"]
[Site "Riga"]
[Date "2018.08.20"]
[Round "1"]
[White "Reitz, Theresa"]
[Black "Ferkova, Dominika"]
[Result "0-1"]
[WhiteElo "1850"]
[BlackElo "2180"]
[Annotator "NA"]
[PlyCount "53"]
[EventDate "2018.08.20"]
[EventType "swiss"]
[EventCountry "LAT"]
[SourceTitle "playchess.com"]
[Source "ChessBase"]
[SourceQuality "1"]
[TimeControl "40/5400+30:1800+30"]

1. e4 {[%emt 0:00:00]} c6 {[%emt 0:00:00]} 2. d4 {[%emt 0:00:00]} d5 {[%emt 0:00:00]} 3. Nd2 {[%emt 0:00:00]} dxe4 {[%emt 0:00:00]} 4. Nxe4 {[%emt 0:00:00]} Bf5 {[%emt 0:00:00]} 5. Ng3 {[%emt 0:00:07]} Bg6 {[%emt 0:00:00]} 6. Bc4 {[%emt 0:00:16]} e6 {[%emt 0:00:53] LiveBook: 652 Games} 7. Nh3 {[%emt 0:00:27]} Nf6 {[%emt 0:00:33]} 8. O-O {[%emt 0:00:32]} Bd6 {[%emt 0:01:36]} 9. f4 {[%emt 0:02:37]} Qc7 {[%emt 0:08:59]} 10. Kh1 $11 {[%emt 0:02:07]} O-O {[%emt 0:00:33]} 11. f5 {[%emt 0:01:52]} exf5 {[%emt 0:00:55]} 12. Nxf5 {[%emt 0:05:11]} Nbd7 {[%emt 0:04:46]} 13. Nxd6 {[%emt 0:01:15]} Qxd6 {[%emt 0:00:03]} 14. c3 {[%emt 0:00:43]} Rfe8 {[%emt 0:14:06]} 15. Bf4 {[%emt 0:18:19]} Qe7 {[%emt 0:03:01]} 16. Bg5 {[%emt 0:18:17]} b5 {[%emt 0:16:25]} 17. Bb3 Qe2 {[%emt 0:05:56]} 18. Qxe2 {[%emt 0:14:53]} Rxe2 {[%emt 0:00:34]} 19. Nf4 {[%emt 0:06:29]} Rxb2 {[%emt 0:05:43]} 20. Nxg6 {[%emt 0:00:37]} hxg6 {[%emt 0:00:02]} 21. Rae1 {[%emt 0:12:21]} a5 {[%emt 0:10:35]} 22. Re7 {[%emt 0:10:35]} Rf8 {[%emt 0:01:03]} 23. Bc1 {[%emt 0:02:29]} Rb1 {[%emt 0:01:23]} 24. g4 {[%emt 0:01:46]} Nb6 {[%emt 0:03:49]} 25. Bc2 {[%emt 0:00:55]} Ra1 {[%emt 0:00:12]} 26. Kg1 {[%emt 0:00:38]} Nbd5 {[%emt 0:04:39]} 27. g5 {[%emt 0:00:30]} 0-1

[Event "EYCC Girls U16 2018"]
[Site "Riga"]
[Date "2018.08.20"]
[Round "1"]
[White "Verbin, Valentina"]
[Black "Shpanko, Nadiia"]
[Result "0-1"]
[WhiteElo "1838"]
[BlackElo "2176"]
[Annotator "NA"]
[PlyCount "58"]
[EventDate "2018.08.20"]
[EventType "swiss"]
[EventCountry "LAT"]
[SourceTitle "playchess.com"]
[Source "ChessBase"]
[SourceQuality "1"]
[TimeControl "40/5400+30:1800+30"]

1. e4 {[%emt 0:00:00]} c5 {[%emt 0:00:00]} 2. Nf3 {[%emt 0:00:00]} d6 {[%emt 0:00:00]} 3. d4 {[%emt 0:00:00]} cxd4 {[%emt 0:00:00]} 4. Nxd4 {[%emt 0:00:00]} Nf6 {[%emt 0:00:00]} 5. Nc3 {[%emt 0:00:05]} a6 {[%emt 0:00:00]} 6. Be3 {[%emt 0:00:13]} e6 {[%emt 0:00:02]} 7. f3 {[%emt 0:00:12]} b5 {[%emt 0:00:08]} 8. Qd2 {[%emt 0:00:18]} Nbd7 {[%emt 0:00:18]} 9. g4 {[%emt 0:00:19]} Nb6 {[%emt 0:00:16]} 10. a4 {[%emt 0:00:25]} Nc4 {[%emt 0:11:06]} 11. Bxc4 {[%emt 0:00:45]} bxc4 {[%emt 0:03:59]} 12. a5 {[%emt 0:00:15]} Nd7 {[%emt 0:06:18] LiveBook: 4 Games} 13. b4 {[%emt 0:09:29]} cxb3 {[%emt 0:02:39]} 14. cxb3 {[%emt 0:00:07]} Bb7 {[%emt 0:00:44]} 15. O-O {[%emt 0:02:36]} Rc8 $11 {[%emt 0:02:43]} 16. Na4 {[%emt 0:06:09]} d5 {[%emt 0:11:52]} 17. Rac1 {[%emt 0:10:37]} Rxc1 {[%emt 0:04:07]} 18. Rxc1 {[%emt 0:00:20]} dxe4 {[%emt 0:02:36]} 19. f4 {[%emt 0:08:11]} Ba3 {[%emt 0:09:57]} 20. Rc2 {[%emt 0:08:15]} O-O {[%emt 0:02:11]} 21. b4 {[%emt 0:10:10]} Qh4 {[%emt 0:20:34]} 22. Rc7 {[%emt 0:17:29]} Qxg4+ {[%emt 0:01:26]} 23. Kf2 {[%emt 0:03:43]} e5 {[%emt 0:04:18]} 24. Nc2 {[%emt 0:12:25]} exf4 {[%emt 0:05:41]} 25. Rxb7 {[%emt 0:05:23]} Qf3+ {[%emt 0:02:00]} 26. Kg1 {[%emt 0:01:03]} fxe3 {[%emt 0:00:44]} 27. Nxe3 {[%emt 0:03:36]} Ne5 {[%emt 0:00:37]} 28. Qc3 {[%emt 0:01:10]} Nd3 {[%emt 0:00:58]} 29. Qxa3 {[%emt 0:00:35]} Qxe3+ {[%emt 0:00:06]} 0-1

[Event "EYCC Girls U16 2018"]
[Site "Riga"]
[Date "2018.08.21"]
[Round "2"]
[White "Antova, Gabriela"]
[Black "Slaba, Andrea"]
[Result "1-0"]
[WhiteElo "2293"]
[BlackElo "1992"]
[Annotator "TA"]
[PlyCount "49"]
[EventDate "2018.08.20"]
[EventType "swiss"]
[EventCountry "LAT"]
[SourceTitle "playchess.com"]
[Source "ChessBase"]
[SourceQuality "1"]

{[%evp 18,49,22,18,77,64,97,97,123,130,123,45,40,55,56,56,40,15,155,173,524,525,615,599,727,318,754,720,1144,1128,2616,2358,29983,29984]} 1. d4 Nf6 2. c4 g6 3. Nc3 d5 4. cxd5 Nxd5 5. Bd2 Bg7 6. e4 Nxc3 7. Bxc3 O-O 8. Qd2 Nc6 {D85: Exchange Grünfeld: Unusual White 7th moves and lines with 7 Nf3} (8... c5 9. d5 Bxc3 10. bxc3 Qd6 11. f4 Nd7 12. e5 Qc7 13. Nf3 c4 14. Rd1 Nb6 15. d6 exd6 16. exd6 {½-½ (30) Onischuk,A (2681)-Shankland,S (2668) Saint Louis 2018}) 9. Nf3 Bg4 10. d5 {[%cal Bd4d5,Bd5d6,Bd6c7][%mdl 32] [#] LiveBook: 19 Games. And now Bxg7 would win.} Bxc3 (10... Bxf3 $11 {remains equal.} 11. gxf3 Ne5) 11. Qxc3 $16 Nb8 $146 ({Predecessor:} 11... Bxf3 12. gxf3 Nb8 13. h4 c6 14. h5 cxd5 15. hxg6 d4 16. Qd2 {1-0 (62) Glavas,D (2228)-Brnas,A (2244) Bol 2015}) 12. Ne5 Bd7 13. h4 f6 14. Bc4 (14. Nxd7 $16 Nxd7 15. h5) 14... fxe5 $14 15. d6+ $1 e6 16. dxc7 Qf6 17. O-O-O $36 {[%mdl 2048] White fights for an advantage.} Nc6 (17... Bc6 $11) 18. Rxd7 $16 {[#] aiming for h5.} Nd4 $2 (18... Rf7 19. Rhd1 Rc8) 19. Kb1 $18 b5 20. Bd3 Rac8 21. f3 (21. Qc5 $142 Qf4 22. Ka1) 21... Qf4 $2 (21... Rf7 22. Rxf7 Qxf7) 22. Qc5 Qd2 23. Bxb5 Qxg2 24. Rc1 {White wants to mate with Qe7.} Nxb5 25. Qe7 {Precision: White = 67%, Black =  9%.} 1-0

[Event "EYCC Girls U16 2018"]
[Site "Riga"]
[Date "2018.08.21"]
[Round "2"]
[White "Goltseva, Ekaterina"]
[Black "Khachatryan, Anna"]
[Result "1-0"]
[WhiteElo "2185"]
[BlackElo "1969"]
[Annotator "TA"]
[PlyCount "67"]
[EventDate "2018.08.20"]
[EventType "swiss"]
[EventCountry "LAT"]
[SourceTitle "playchess.com"]
[Source "ChessBase"]
[SourceQuality "1"]

{[%evp 19,67,47,39,33,70,63,89,76,461,446,729,318,311,311,321,305,322,315,313,309,328,328,330,302,295,278,288,385,279,319,1198,1185,1110,552,556,547,731,640,645,0,566,567,562,301,561,552,677,664,29996,29997]} 1. d4 Nf6 2. c4 c5 3. d5 b5 4. cxb5 a6 5. bxa6 g6 6. Nc3 {A58: Benko/Volga Gambit: Lines with 5 bxa6} Bg7 7. e4 O-O 8. Be2 Qa5 9. Bd2 Bxa6 10. e5 Ne8 $1 {LiveBook: 18 Games} 11. Nf3 d6 12. e6 fxe6 13. Ng5 $1 {[#]} (13. dxe6 $6 Nc6 $11) 13... exd5 $146 {[%mdl 8192]} (13... Rf5 $16 {is more resistant.}) ({Predecessor:} 13... Bxe2 14. Nxe2 {0-1 (62) Cheparinov,I (2681)-Melkumyan,H (2622) Berlin 2015}) 14. Nxd5 $18 Bxe2 (14... Qd8 $142 15. Qb3 e6 16. Nxe6 Qh4 17. Nxf8 Kxf8 18. Bxa6 Nxa6) 15. Qxe2 (15. Qb3 $142 c4 16. Qh3 Qxd2+ 17. Kxd2) 15... Qa6 16. Qe6+ (16. Nxe7+ Kh8 $18) (16. Qxe7 Nc6 $11) 16... Kh8 {[#]} 17. Qh3 $1 {[%csl Gg5][%cal Rh3h7]} (17. Qxe7 $2 Nc6 $19) (17. Nxe7 $6 Nf6 $16) 17... h6 18. Nxe7 d5 {With the idea ...Nc7.} 19. Ne6 ({Less strong is} 19. Nxd5 Nc6 $16) 19... Rf6 20. Nxg7 ({Inferior is} 20. Nxc5 Qd6 $11) 20... Kxg7 21. Qxh6+ Kf7 {[#] aiming for ...Re6+.} 22. Qh7+ $1 Ng7 {Hoping for ...Re6+.} 23. Qg8+ (23. Nxd5 Re6+ 24. Be3 Nc6 $16) 23... Kxe7 24. Qxg7+ Rf7 $2 (24... Ke8 25. O-O-O Qc4+ 26. Bc3 Qf4+ 27. Rd2 Re6) 25. Bg5+ Ke8 26. Qg8+ (26. Qe5+ $142 Kd7 27. Qxd5+ Kc8 28. Qxf7) 26... Rf8 27. Qxd5 {White wants to mate with 0-0-0.} Rf5 28. Qg8+ Rf8 29. Qd5 {Intending 0-0-0 and mate.} Rf5 30. Qd8+ Kf7 31. Qe7+ Kg8 32. Rd1 {Threatening mate with Rd8+.} Nc6 33. Qe6+ Kh7 34. Rd7+ {Precision: White = 74%, Black = 48%.} 1-0